[Event "Buenos Aires Faogba Verano"]
[Site "Buenos Aires"]
[Date "2016.12.20"]
[Round "6.4"]
[White "Czajkowski, Joan"]
[Black "Malamud, Lautaro"]
[Result "0-1"]
[WhiteElo "2023"]
[BlackElo "2075"]
[PlyCount "39"]
[EventDate "2016.12.15"]
[EventType "swiss"]
[EventRounds "6"]
[EventCountry "ARG"]
[SourceTitle "EXT 2024"]
[Source "ChessBase"]
[SourceDate "2023.10.10"]
[SourceVersion "1"]
[SourceVersionDate "2023.10.10"]
[SourceQuality "1"]

1. d4 Nf6 2. c4 g6 3. Nc3 Bg7 4. e4 d6 5. f4 0-0 6. Nf3 c5 7. d5 e6 8. dxe6 Bxe6 9. Bd3 Nc6 10. f5 Bd7 11. 0-0 Ne5 12. Nxe5 dxe5 13. Bg5 gxf5 14. Qe1 f4 15. Qh4 h6 16. Bxh6 Bxh6 17. Qxh6 Ng4 18. Qh5 Kg7 19. Rxf4 exf4 20. Qxc5 0-1

[Event "Buenos Aires Faogba Verano"]
[Site "Buenos Aires"]
[Date "2016.12.17"]
[Round "4.2"]
[White "Lo Presti, Roberto"]
[Black "Malamud, Lautaro"]
[Result "1-0"]
[WhiteElo "1999"]
[BlackElo "2075"]
[PlyCount "53"]
[EventDate "2016.12.15"]
[EventType "swiss"]
[EventRounds "6"]
[EventCountry "ARG"]
[SourceTitle "EXT 2024"]
[Source "ChessBase"]
[SourceDate "2023.10.10"]
[SourceVersion "1"]
[SourceVersionDate "2023.10.10"]
[SourceQuality "1"]

1. e4 c5 2. Nf3 Nc6 3. d4 cxd4 4. Nxd4 Nf6 5. Nc3 e5 6. Ndb5 d6 7. Bg5 a6 8. Na3 b5 9. Nd5 Be7 10. Bxf6 Bxf6 11. c3 0-0 12. Nc2 Bg5 13. a4 bxa4 14. Rxa4 a5 15. Bc4 Rb8 16. b3 g6 17. Nce3 Kh8 18. h4 Bxh4 19. g3 Bg5 20. f4 exf4 21. gxf4 Bh4+ 22. Kf1 Bf6 23. Ra2 Bg7 24. Rah2 h6 25. Qe2 f5 26. Rxh6+ Bxh6 27. Qh2 1-0

[Event "ARG-ch sf U18"]
[Site "Villaguay"]
[Date "2016.02.23"]
[Round "1"]
[White "Martinez, Francisco1111"]
[Black "Malamud, Lautaro"]
[Result "0-1"]
[WhiteElo "1675"]
[BlackElo "2120"]
[PlyCount "74"]
[EventDate "2016.02.23"]
[EventType "swiss"]
[EventRounds "8"]
[EventCountry "ARG"]
[SourceTitle "EXT 2017"]
[Source "ChessBase"]
[SourceDate "2016.10.25"]
[SourceVersion "1"]
[SourceVersionDate "2016.10.25"]
[SourceQuality "1"]

1. e4 c5 2. Nf3 Nc6 3. Bb5 g6 4. Bxc6 dxc6 5. d3 Bg7 6. 0-0 e5 7. Be3 b6 8. Nbd2 Ne7 9. Nc4 Qc7 10. a4 Be6 11. Ng5 Bxc4 12. dxc4 h6 13. Nf3 0-0 14. Qe2 f5 15. Bd2 f4 16. a5 g5 17. h3 Ng6 18. Bc3 Qe7 19. axb6 axb6 20. Rxa8 Rxa8 21. Nh2 Rf8 22. Rd1 Qe6 23. b3 f3 24. Nxf3 Nf4 25. Qe3 g4 26. Nh4 gxh3 27. g3 Qg4 28. Rd2 Bf6 29. Qf3 h2+ 30. Kh1 Qg5 31. Kxh2 Ne6 32. Qf5 Nd4 33. Qd7 Rd8 34. Qh3 Kf7 35. Kg2 Ne6 36. Nf3 Nf4+ 37. Kh2 Nxh3 0-1

[Event "ARG-ch U16 sf"]
[Site "La Falda"]
[Date "2015.03.23"]
[Round "7"]
[White "Perez Aguado, Max Sergio"]
[Black "Malamud, Lautaro"]
[Result "1/2-1/2"]
[WhiteElo "2042"]
[BlackElo "1695"]
[PlyCount "60"]
[EventDate "2015.03.19"]
[EventType "swiss"]
[EventRounds "9"]
[EventCountry "ARG"]
[SourceTitle "EXT 2016"]
[Source "ChessBase"]
[SourceDate "2015.10.08"]
[SourceVersion "1"]
[SourceVersionDate "2015.10.08"]
[SourceQuality "1"]

1. e4 c5 2. Nf3 Nc6 3. d4 cxd4 4. Nxd4 Nf6 5. Nc3 e5 6. Ndb5 d6 7. Bg5 a6 8. Na3 b5 9. Nd5 Be7 10. Bxf6 Bxf6 11. c4 b4 12. Nc2 a5 13. g3 0-0 14. Bg2 Bg5 15. 0-0 Rb8 16. h4 Bh6 17. b3 g6 18. Qd3 Bg7 19. Rad1 f5 20. Nde3 Nd4 21. Nxd4 exd4 22. Nc2 fxe4 23. Qxe4 Re8 24. Qf4 Be5 25. Qd2 Bg4 26. Nxd4 Qb6 27. Bf3 Bxf3 28. Nxf3 Bxg3 29. Qd5+ Kh8 30. Kg2 Be5 1/2-1/2

[Event "ARG-ch U16 sf"]
[Site "La Falda"]
[Date "2015.03.19"]
[Round "1"]
[White "Zapata Charles, Santiago"]
[Black "Malamud, Lautaro"]
[Result "1/2-1/2"]
[WhiteElo "2104"]
[BlackElo "1695"]
[PlyCount "93"]
[EventDate "2015.03.19"]
[EventType "swiss"]
[EventRounds "9"]
[EventCountry "ARG"]
[SourceTitle "EXT 2016"]
[Source "ChessBase"]
[SourceDate "2015.10.08"]
[SourceVersion "1"]
[SourceVersionDate "2015.10.08"]
[SourceQuality "1"]

1. e4 c5 2. c3 Nf6 3. e5 Nd5 4. Nf3 Nc6 5. d4 cxd4 6. cxd4 d6 7. Bc4 Nb6 8. Bb5 a6 9. Bxc6+ bxc6 10. Qc2 Bd7 11. Nc3 d5 12. 0-0 e6 13. Bg5 Qc7 14. Rfc1 Rc8 15. Be3 Nc4 16. Na4 Be7 17. Bg5 f6 18. exf6 gxf6 19. Bh4 0-0 20. Bg3 Qa5 21. b3 Na3 22. Qe2 Nb5 23. Qe3 Ba3 24. Rc2 Nd6 25. Nc5 Nf5 26. Qd3 Bxc5 27. Rxc5 Qb4 28. a3 Qb6 29. b4 Rce8 30. Re1 Nxg3 31. hxg3 Re7 32. Qe3 Kg7 33. Nh4 Rfe8 34. g4 e5 35. dxe5 Rxe5 36. Rxd5 Rxe3 37. Rxd7+ Kg8 38. Rxe3 Rxe3 39. fxe3 Qxe3+ 40. Kh2 Qe5+ 41. Kh3 Qe8 42. Rd3 h5 43. gxh5 Qxh5 44. g4 Qh6 45. Kg3 Qc1 46. Rf3 Qg1+ 47. Kh3 1/2-1/2